Philadelphia pro sport teams - Statistics

General Stats
  • This quiz has been taken 15 times
  • The average score is 5 of 7
Answer Stats
League Team % Correct
NBA Philadelphia 76ers
100%
NFL Philadelphia Eagles
100%
NHL Philadelphia flyers
100%
MLB Philadelphia Phillies
100%
MLS Philadelphia union
29%
NLL Philadelphia wings
29%
MLS next pro Philadelphia union2
14%
No matching quizzes found
Score Distribution
Percent of People with Each Score
Percentile by Number Answered
Your Score History
You have not taken this quiz